Online
Catalog
Normal view MARC view

Entry Término temático

Number of records used in: 6

001 - NÚMERO DE CONTROL

  • campo de control: 21070

003 - IDENTIFICADOR DEL NÚMERO DE CONTROL

  • campo de control: DO-SdBNP

005 - FECHA Y HORA DE LA ÚLTIMA TRANSACCIÓN

  • campo de control: 20250207130002.0

008 - DATOS DE LONGITUD FIJA

  • campo de control de longitud fija: 200615|| aca||aabn | a|a d

010 ## - NÚMERO DE CONTROL DE LA BIBLIOTECA DEL CONGRESO

  • Número de control de LC: sh 85147603

040 ## - FUENTE DE LA CATALOGACIÓN

  • Centro catalogador/agencia de origen: DO-SdBNP
  • Lengua de catalogación: spa
  • Centro/agencia transcriptor: BNPHU
  • Normas de descripción: rda

150 ## - ENCABEZAMIENTO--TÉRMINO DE MATERIA

  • Término de materia o nombre geográfico como elemento de entrada: Mujeres en desarrollo rural

400 ## - TRAZADO DE VÉASE--NOMBRE DE PERSONA

  • Nombre de persona: Women in rural development

550 ## - TRAZADO VÉASE ADEMÁS--TÉRMINO DE MATERIA

  • Término de materia o nombre geográfico como elemento de entrada: Desarrollo rural
  • Subcampo de control: g

550 ## - TRAZADO VÉASE ADEMÁS--TÉRMINO DE MATERIA

  • Término de materia o nombre geográfico como elemento de entrada: Mujeres voluntarias en el servicio social
  • Subcampo de control: g

670 ## - FUENTE DE DATOS ENCONTRADOS

  • Cita de la fuente: Work cat.: (OSt)7381: Conferencia-Taller "Mujer rural hoy y mañana" (1985 : 2-4 jul. : Santo Domingo, República Dominicana) 21069, Mujer rural, hoy mañana, ponencias, paneles, conclusiones generales y de talleres /, 1885.

670 ## - FUENTE DE DATOS ENCONTRADOS

  • Identificador Uniforme del Recurso: https://authorities.loc.gov/cgi-bin/Pwebrecon.cgi?AuthRecID=4795847&v1=1&HC=1&SEQ=20250207115952&PID=LC5s2dd-OeHtxVf8vii2Z1-lBQtGE Consultado en 07 de febrero, 2025

670 ## - FUENTE DE DATOS ENCONTRADOS

  • Número de control del registro bibliográfico: https://librunam.dgb.unam.mx:8443/F/Y57ILRPCV439JMMRLJ48Y266DATUS655QSXIXKHBFSI3RJAB48-00127?func=full-set-set&set_number=006809&set_entry=000004&format=001 Consultado en 07 de febrero, 2025

670 ## - FUENTE DE DATOS ENCONTRADOS

  • Cita de la fuente: LEMB digital, 07 de febrero, 2019:
  • Información encontrada: (Mujeres en el desarrollo rural)

750 ## - ENTRADA DE ENLACE DE ENCABEZAMIENTO ESTABLECIDO--TÉRMINO DE MATERIA

  • Número de control del registro de autoridad o número normalizado: sh 85147603
  • Término de materia o nombre geográfico como elemento de entrada: Women in rural development

Powered by Koha